| 000 | 00365nam a2200145Ia 4500 | ||
|---|---|---|---|
| 008 | 230312s9999||||xx |||||||||||||| ||und|| | ||
| 020 | _a978-9332587038 | ||
| 082 |
_a621.47 _bKIS-I |
||
| 100 | _aKissell;Thomas.E | ||
| 245 | 0 | _aIntroduction to Solar Principles | |
| 260 |
_bPearsons _aIndia _c2018 |
||
| 300 | _a298 | ||
| 650 |
_aEngineering _vPhysics |
||
| 942 | _cBK | ||
| 999 |
_c13989 _d13989 |
||